Bhagat Singh Revisited (Record no. 139872)

MARC details
000 -LEADER
fixed length control field 00734nam a22002177a 4500
005 - DATE AND TIME OF LATEST TRANSACTION
control field 20170515123821.0
010 ## - LCCN (DPL NO)
LC control number ENG-118150
020 ## - INTERNATIONAL STANDARD BOOK NUMBER
International Standard Book Number 8184541066(HB)
Terms of availability 595.00
020 ## - INTERNATIONAL STANDARD BOOK NUMBER
International Standard Book Number 9788184541069 (HB)
Terms of availability 595.00
020 ## - INTERNATIONAL STANDARD BOOK NUMBER
International Standard Book Number 8184541104 (PB)
Terms of availability 595.00
020 ## - INTERNATIONAL STANDARD BOOK NUMBER
International Standard Book Number 9788184541106 (PB)
Terms of availability 595.00
035 ## - SYSTEM CONTROL NUMBER
System control number EN-101682
037 ## - SOURCE OF ACQUISITION
Source of stock number/acquisition DBAD/PUB
082 ## - DEWEY DECIMAL CLASSIFICATION NUMBER
Classification number 954.0841092
100 ## - MAIN ENTRY--PERSONAL NAME
Personal name Singh, Chander Pal
245 ## - TITLE STATEMENT
Title Bhagat Singh Revisited
Remainder of title Historigraphy, biography and ideology of the great martyr /
Statement of responsibility, etc by Chander Pal Singh
260 ## - PUBLICATION, DISTRIBUTION, ETC. (IMPRINT)
Place of publication, distribution, etc New Delhi
Name of publisher, distributor, etc Originals
Date of publication, distribution, etc 2011
270 ## - ADDRESS
Address A-6,Nimri Commercial Center,Ashok Vihar Phase-IV, Delhi-110052
300 ## - PHYSICAL DESCRIPTION
Extent 368p.
Dimensions 21cm. (Hb)_
942 ## - ADDED ENTRY ELEMENTS (KOHA)
Source of classification or shelving scheme Dewey Decimal Classification
Item type English Books
Classification part 954.0841092
Call number suffix SIN
Holdings
Withdrawn status Lost status Not for loan Collection code Home library Current library Date acquired Source of acquisition Cost, normal purchase price Full call number Barcode Copy number Cost, replacement price Koha item type
    Not For Loan Non-fiction D.B.Act.Division Bawana 15/05/2017 DBAD/PUB 595.00 954.0841092 SIN EN-101682 1 595.00 English Books

© Delhi Public Library
Hit Counter
free hit counter